000 01131nam a2200301 i 4500
001 bg
111 2 _aInternational Congress of Seas and Oceans
_d(2005 ;
_cSzczecin-Świnoujście).
245 0 0 _a2nd International Congress of Seas and Oceans :
_bSzczecin-Świnoujście, Poland 20-24 September, 2005.
_nVol. 1,
_pMonographs /
_ced. by Stanisław Gucma, Bolesław Mazurkiewicz, Bernard Wiśniewski ; Maritime University of Szczecin.
246 1 _aSeas & Oceans
260 _aSzczecin :
_bAkademia Morska,
_c2005.
300 _a239 s. :
_bil. ;
_c31 cm.
500 _aTyt. okł.: "Seas & oceans 2005".
504 _aBibliogr. przy ref.
650 9 _aNawigacja morska
650 9 _aŻegluga
_xbezpieczeństwo
655 _aMateriały konferencyjne
700 1 _aGucma, Stanisław
_d(1945- ).
_eRed.
700 1 _aMAZURKIEWICZ, Bolesław.
_eRed.
700 1 _aWIŚNIEWSKI, Bernard.
_eRed.
710 0 _aMaritime University of Szczecin
020 _a8389901064
040 _cBPK
041 0 _aeng
080 _a527:629.5:656.6](061)
920 _a83-89901-06-4
942 _cKS
008 s pl f |000 0 pol
999 _c52102
_d52102
856 _uhttp://koha.tu.koszalin.pl/cgi-bin/koha/opac-detail.pl?biblionumber=52102
_yKatalog online BPK